A cook's guide to growing herbs, greens, and aromatics / (Запис № 484303)

МАРК-запис
000 -LEADER
fixed length control field 01194nam a2200265L 4500
001 - CONTROL NUMBER
control field cooksguidetogrow00owen
003 - CONTROL NUMBER IDENTIFIER
control field CaSfIA
005 - DATE AND TIME OF LATEST TRANSACTION
control field 20210117235755.0
007 - PHYSICAL DESCRIPTION FIXED FIELD--GENERAL INFORMATION
fixed length control field cr||||
008 - FIXED-LENGTH DATA ELEMENTS--GENERAL INFORMATION
fixed length control field 091209s1978 uik 000 u eng d
040 ## - CATALOGING SOURCE
Original cataloging agency DKDLA
Language of cataloging dan
Transcribing agency DKDLA
Modifying agency CaSfIA
035 ## - SYSTEM CONTROL NUMBER
System control number (OCoLC)476117729
084 ## - OTHER CLASSIFICATION NUMBER
Classification number Ha
Source of number z
029 0# - (OCLC)
OCLC library identifier DKDLA
System control number 36603505
245 02 - TITLE STATEMENT
Title A cook's guide to growing herbs, greens, and aromatics /
Medium [electronic resource]
Statement of responsibility, etc by Millie Owen; ill. by Karl Stueck len.
260 ## - PUBLICATION, DISTRIBUTION, ETC. (IMPRINT)
Place of publication, distribution, etc New York :
Name of publisher, distributor, etc Knopf,
Date of publication, distribution, etc 1978.
300 ## - PHYSICAL DESCRIPTION
Extent xiv, 263 s. :
Other physical details ill.; 21 cm.
506 ## - RESTRICTIONS ON ACCESS NOTE
Standardized terminology for access restriction Необхідна авторизація на https://archive.org/ (створення облікового запису безкоштовно)
506 ## - RESTRICTIONS ON ACCESS NOTE
Standardized terminology for access restriction Необхідна авторизація на https://openlibrary.org/ (створення облікового запису безкоштовно)
700 1# - ADDED ENTRY--PERSONAL NAME
Personal name Owen, Millie.
700 1# - ADDED ENTRY--PERSONAL NAME
Personal name Stueck, Karl.
856 41 - ELECTRONIC LOCATION AND ACCESS
Uniform Resource Identifier <a href="http://www.archive.org/details/cooksguidetogrow00owen">http://www.archive.org/details/cooksguidetogrow00owen</a>
Public note Free eBook from the Internet Archive
856 42 - ELECTRONIC LOCATION AND ACCESS
Uniform Resource Identifier <a href="http://www.openlibrary.org/books/OL24370521M">http://www.openlibrary.org/books/OL24370521M</a>
Public note Additional information and access via Open Library
942 ## - ADDED ENTRY ELEMENTS (KOHA)
Koha item type ЕКнига

Немає доступних примірників.